000 01472naa a22003737a 4500
001 BR8705290
003 BR-BrBNA
005 20250721154518.0
007 ta
008 250630b bl.|||m| |||| 00| 0 por d
040 _aBR-BrBNA
_bpor
_cBiblioteca Nacional de Agricultura
041 _a(Pt)
072 _aF30
_b0150
090 _aF30 BR8705290
100 1 _aTerres, A.L.
100 1 _aGalli, J.
100 1 _aRibeiro, A.S.
100 1 _aSilva, S.A.
100 1 _aLisboa, J.A.
100 1 _aZonta, E.P.
100 1 _aGastal, F.L.C.
111 1 _a14. Reuniao da Cultura do Arroz Irrigado
_cPelotas, RS (Brazil)
_d1-4 Oct 1985
245 1 _aEnsaios regionais de arroz irrigado na zona do Rio Grande do Sul- 1984/85
246 1 _a[Regional trials of irrigated rice in the southern area of Rio Grande do Sul - 1984/85]
246 1 _a[Annals of the 14. Meeting of Irrigated Rice]
500 _aAnais da 14. Reuniao da Cultura do Arroz Irrigado Pelotas, RS (Brasil): 1985. p. 112-121 [7 illus.; 1 table; 1 ref.] (BR8705290-AMS)
773 0 _tAnais da 14. Reuniao da Cultura do Arroz Irrigado
_wF30 BR8705290
_gPelotas, RS (Brasil), 1985. p. 112-121
650 _aMELHORAMENTO GENETICO VEGETAL
650 _aARROZ IRRIGADO
650 _aRIO GRANDE DO SUL
490 _aDocumentos - Centro de Pesquisa Agropecuaria de Terras Baixas de Clima Temperado (Brazil)
_vno. 26
_xISSN 0101-9708
942 _cAMS
_2AGRIS
909 _a202506
_bLúcia
_c55
_dLúcia Elande
999 _c335257
_d335257